[Event "Oberliga Ost-B 0708"]
[Site "Germany"]
[Date "2007.11.03"]
[Round "2.7"]
[White "Rueger, Erhard"]
[Black "Alexandrovsky, Dmitry"]
[Result "1-0"]
[WhiteElo "2183"]
[BlackElo "2154"]
[PlyCount "58"]
[EventDate "2007.10.07"]
[EventType "team-tourn"]
[EventRounds "11"]
[EventCountry "GER"]
[SourceTitle "EXT 2009"]
[Source "ChessBase"]
[SourceDate "2008.11.26"]
[SourceVersion "1"]
[SourceVersionDate "2008.11.26"]
[SourceQuality "1"]
[WhiteTeam "Frankfurt BvK"]
[BlackTeam "Wiesbaden"]
[WhiteTeamCountry "GER"]
[BlackTeamCountry "GER"]

1. Nf3 g6 2. c4 Bg7 3. Nc3 c5 4. g3 Nc6 5. Bg2 Nf6 6. d4 cxd4 7. Nxd4 0-0 8. 0-0 Ng4 9. e3 Nge5 10. b3 d6 11. h3 Rb8 12. Bb2 Nxd4 13. exd4 Nc6 14. d5 Ne5 15. Qe2 a6 16. Rfe1 b5 17. cxb5 Qb6 18. Kh2 Re8 19. Ne4 Qxb5 20. f4 f5 21. fxe5 fxe4 22. Qxe4 Bf5 23. Qe2 Bd3 24. Qd2 Rbc8 25. Rac1 Rxc1 26. Qxc1 Rf8 27. exd6 Rf2 28. dxe7 Rxg2+ 29. Kxg2 Qxd5+ 1-0

[Event "Oberliga Ost-B 0607"]
[Site "Germany"]
[Date "2007.02.04"]
[Round "5.7"]
[White "Alexandrovsky, Dmitry"]
[Black "Jakob, Matthias"]
[Result "1/2-1/2"]
[WhiteElo "2155"]
[BlackElo "2082"]
[PlyCount "25"]
[EventDate "2006.10.15"]
[EventType "team-tourn"]
[EventRounds "11"]
[EventCountry "GER"]
[SourceTitle "EXT 2008"]
[Source "ChessBase"]
[SourceDate "2007.11.25"]
[SourceVersion "1"]
[SourceVersionDate "2007.11.25"]
[SourceQuality "1"]
[WhiteTeam "Wiesbaden"]
[BlackTeam "Erfurt Medizin"]
[WhiteTeamCountry "GER"]
[BlackTeamCountry "GER"]

1. d4 Nc6 2. Nf3 d5 3. g3 Bg4 4. Bg2 Qd7 5. h3 Bf5 6. g4 Bg6 7. c3 Nf6 8. Bf4 e6 9. Nbd2 Ne4 10. Nh4 Nxd2 11. Qxd2 Bd6 12. Nxg6 hxg6 13. e4 1/2-1/2

[Event "Oberliga Ost-B 0506"]
[Site "Germany"]
[Date "2005.12.11"]
[Round "4"]
[White "Huss, Rolf"]
[Black "Alexandrovsky, Dmitry"]
[Result "1-0"]
[WhiteElo "2122"]
[BlackElo "2153"]
[PlyCount "76"]
[EventDate "2005.11.13"]
[EventType "team-tourn"]
[EventRounds "11"]
[EventCountry "GER"]
[SourceTitle "CBM 109 Extra"]
[Source "ChessBase"]
[SourceDate "2006.01.03"]
[SourceVersion "2"]
[SourceVersionDate "2006.01.03"]
[SourceQuality "1"]

1. d4 Nf6 2. c4 g6 3. Nf3 Bg7 4. g3 c5 5. Bg2 0-0 6. 0-0 cxd4 7. Nxd4 Nc6 8. Nc3 Ng4 9. Nb3 d6 10. h3 Nge5 11. c5 dxc5 12. Nxc5 Qb6 13. N3a4 Qb5 14. Be3 Nc4 15. Bg5 b6 16. Qd5 N4a5 17. Nb3 Qxd5 18. Bxd5 Bxh3 19. Nxa5 Nxa5 20. Rfd1 Rac8 21. Rac1 e6 22. Bf3 h6 23. Be7 Rfe8 24. Rxc8 Rxc8 25. Kh2 Bf5 26. e4 Bxe4 27. Bxe4 Rc4 28. Rd8+ Kh7 29. Nc3 Bxc3 30. Bd3 Rc7 31. Bd6 Bf6 32. Bxc7 Bxd8 33. Bxd8 Kg7 34. Bc7 f5 35. Bb5 Nb7 36. b4 a5 37. a3 axb4 38. axb4 g5 1-0

[Event "Oberliga Ost-B 0304"]
[Site "Germany"]
[Date "2004.01.18"]
[Round "5.7"]
[White "Emmerich, Dirk"]
[Black "Alexandrovsky, Dmitry"]
[Result "1-0"]
[WhiteElo "2272"]
[BlackElo "2106"]
[PlyCount "47"]
[EventDate "2003.11.02"]
[EventType "team-tourn"]
[EventRounds "11"]
[EventCountry "GER"]
[SourceTitle "EXT 2005"]
[Source "ChessBase"]
[SourceDate "2004.11.15"]
[SourceVersion "1"]
[SourceVersionDate "2004.11.15"]
[SourceQuality "1"]
[WhiteTeam "Dotzheim"]
[BlackTeam "Wiesbaden"]
[WhiteTeamCountry "GER"]
[BlackTeamCountry "GER"]

1. e4 g6 2. d4 Bg7 3. Bc4 d6 4. Qf3 d5 5. Bxd5 Nf6 6. Bb3 Qxd4 7. Nc3 Nc6 8. Nge2 Qb4 9. a3 Qa5 10. h3 Ne5 11. Qe3 b5 12. 0-0 Bb7 13. f4 Nc4 14. Qc5 Nxe4 15. Nxe4 Bxe4 16. Bxc4 0-0-0 17. Bxf7 Rd6 18. Bb3 Rhd8 19. Be3 Bxb2 20. Rab1 Bxa3 21. Qe5 Bf5 22. Ra1 Ra6 23. Nd4 Qc3 24. Nxb5 1-0